| 000 | 00703nam a22002297a 4500 | ||
|---|---|---|---|
| 999 |
_c14849 _d14849 |
||
| 003 | AR-CdUCM | ||
| 008 | 190424b ||||| |||| 00| 0 spa d | ||
| 020 | _a978-84-9145-053-5 | ||
| 040 |
_aMUNICIPALIDAD PROVINCIAL DEL CUSCO _cBIBLIOTECA MUNICIPAL DEL CUSCO |
||
| 041 | _hit | ||
| 082 |
_aPI / 808.06 / _bT78 |
||
| 100 |
_aTraini, Agostino _933783 |
||
| 245 | _aEl caperucito rojo / | ||
| 260 |
_aBarcelona : _bObelisco, _c2017. |
||
| 300 |
_a29 páginas ; _bIlustraciones, _c23 cm. |
||
| 650 |
_aLiteratura infantil _9588 |
||
| 650 |
_aPrimera infancia _924660 |
||
| 650 |
_aCuentos _9217 |
||
| 700 |
_aFasasino, Lorenzo (traducción) _933784 |
||
| 942 |
_2ddc _cLIBROS |
||
| 945 |
_adavv _d24/04/2019 |
||